MWIG : Malaysia water industry guide 2012.
| Corporate Author: | |
|---|---|
| Format: | Book |
| Published: |
Kuala Lumpur:
The Malaysian Water Association,
2015.
|
| Subjects: |
| LEADER | 00512cam a2200145 7i4500 | ||
|---|---|---|---|
| 001 | 0000033050 | ||
| 005 | 20160107090000.0 | ||
| 090 | 0 | 0 | |a M 363.61 |b MIN |
| 110 | 2 | 0 | |a Ministry of Energy, Water & Communications Malaysia |
| 245 | 2 | 0 | |a MWIG : |b Malaysia water industry guide 2012. |
| 260 | 0 | 0 | |a Kuala Lumpur: |b The Malaysian Water Association, |c 2015. |
| 300 | # | # | |a 79 pages. |
| 650 | 0 | 0 | |a Water supply -- |z Malaysia |
| 650 | 0 | 0 | |a Water resources development -- |z Malaysia |
| 999 | |a 0000037045 |b Book |c Malaysia |e Business Information Centre | ||